| 000 | 00720cam a22002292 4500 | ||
|---|---|---|---|
| 001 | 0000001776 | ||
| 005 | 20151217151828.0 | ||
| 008 | 070327s xx 000 0 eng d | ||
| 020 | _a8170366127 : | ||
| 040 |
_aKABU _cKABU |
||
| 050 | 0 |
_aHD45 _b.K47 1997 |
|
| 100 | 1 |
_aKher, Manik. _@0000150792 |
|
| 245 | 1 | 0 |
_aCoping with technological change / _cManik Kher. |
| 260 |
_aNew Delhi : _bResponse Books, _c1997. |
||
| 300 | _a205 p. | ||
| 650 | 0 |
_aTechnological innovations _xManagement. _@0000150793 |
|
| 908 | _a070327 | ||
| 950 | _@1 | ||
| 999 |
_c5448 _d5448 |
||